000 00386nam a2200121Ia 4500
008 220217s9999||||xx |||||||||||||| ||und||
020 _a9788131709771
100 _aBaeza Yates, Richardo and Ribiero Neto, Berthier
245 0 _aModern information retrieval
260 _aPearson education of asia
_bNew Delhi
_c2012
300 _a, 513p.
_b499
650 _aINFORMATION SCIENCE
_91300
999 _c183625
_d183625